000 00296nam a22001337a 4500
008 170427b xxu||||| |||| 00| 0 eng d
020 _a9780130178589
041 _aeng
080 _23 ED
_a547
100 _a12
101 _aSHM
245 _aORGANIC CHEMISTRY
_cBRUICE.P.Y
942 _2udc
_cBK
999 _c12231
_d12231